| 000 | 00736cam a2200193ua 4500 | ||
|---|---|---|---|
| 041 |
_aeng _h |
||
| 082 |
_a624.131 _bIND/ME |
||
| 100 | _a, . | ||
| 110 | 1 |
_aIndian Standards Institution . _b _c() |
|
| 245 | 0 | 0 |
_aMethods of test for soils / _cIndian standards Institution. _hTextual Documents |
| 250 |
_a1 / _b. |
||
| 260 |
_aNew Delhi : _bIndian Standards Institution , _c1980. |
||
| 300 | _a8 ; . | ||
| 504 | _a | ||
| 942 | _cBK | ||
| 999 |
_c3043 _d3043 |
||